Statistiche per Riconosci il Pokémon - Quiz n°6

Clicka qui per fare il quiz!

Statistiche generali

  • Questo quiz è stato fatto 4 volte
  • Il punteggio medio è 6 su 10

Statistiche sulle risposte

IndizioRisposta% Corretto
GenerazioneQuinta
100%
TipoSpettro; Terra / Spettro (Forma di Galar)
75%
Altezza0,5 m
50%
Peso1,5 kg
50%
Tasso di cattura190 (35.2%)
50%
Sesso50% ♂, 50% ♀
50%
Stadio evoluzioneForma Base
50%
Tasso di allevamentoMedio-Veloce
50%
AbilitàMummia
50%
PokémonYamask
25%

Distribuzione punteggi

Percentile per numero di risposta

Percentuale di utenti per punteggio

I tuoi punteggi nel tempo

Non hai fatto questo quiz